00602nam a22001457a 4500003000400000005001700004008004100021040001400062100003400076245015100110260001000261300003000271500012800301504002700429OSt20171010095447.0120620t xxu||||| |||| 00| 0 eng d aMMSUcULS aBagaoisan, Melody A., et al.  aDesign, fabrication and performance evaluation of uninterruptible power supply for household and office applicationscMelody A. Bagaoisan, et al.  c2007  axiv, 150 leaves c28 cm.  aThesis (BS Electronics & Communications Engineering) -- Mariano Marcos State University-College of Engineering, Batac City  aBibliography: leaf 60